How to be a good dad. (Record no. 14709)

000 -LEADER
fixed length control field 00665nam a2200217 a 4500
001 - CONTROL NUMBER
control field :::00012542$&:&@@
003 - CONTROL NUMBER IDENTIFIER
control field OkBaRHE
005 - DATE AND TIME OF LATEST TRANSACTION
control field 20100402121917.0
008 - FIXED-LENGTH DATA ELEMENTS--GENERAL INFORMATION
fixed length control field s1986 j 000 0 eng u
020 ## - INTERNATIONAL STANDARD BOOK NUMBER
International Standard Book Number 0802435718 (pbk.)
040 ## - CATALOGING SOURCE
Transcribing agency
100 1# - MAIN ENTRY--PERSONAL NAME
Personal name Bly, Stephen A., 1944-
245 10 - TITLE STATEMENT
Title How to be a good dad.
260 ## - PUBLICATION, DISTRIBUTION, ETC. (IMPRINT)
Place of publication, distribution, etc Chicago, IL., :
Name of publisher, distributor, etc Moody Press
Date of publication, distribution, etc 1986
300 ## - PHYSICAL DESCRIPTION
Extent 139 p. ;
Dimensions 22 cm.
650 ## - SUBJECT ADDED ENTRY--TOPICAL TERM
Topical term or geographic name as entry element Family
General subdivision Religious Life
650 ## - SUBJECT ADDED ENTRY--TOPICAL TERM
Topical term or geographic name as entry element Father and Child
General subdivision United States
650 ## - SUBJECT ADDED ENTRY--TOPICAL TERM
Topical term or geographic name as entry element Fathers
General subdivision United States
942 ## - ADDED ENTRY ELEMENTS (KOHA)
Source of classification or shelving scheme
Koha item type Books
Copies
Date last seen Not for loan Lost status Shelving location Damaged status Koha item type Copy number Full call number Price effective from Permanent Location Barcode Date acquired Source of classification or shelving scheme Withdrawn status
2010-04-14  General Stacks Books1HQ 756 .B58 19862010-04-14RHEMA Bible Training College125422010-04-14